000 00309nam a22001337a 4500
008 171211b xxu||||| |||| 00| 0 eng d
020 _a9780619131159
041 _aeng
080 _a004
100 _a30
101 _aSHK
245 _aFUNDAMENTALS OF STORAGE AREA NETWORKS
_cOGLETREE,T.W
942 _2udc
_cBK
999 _c38856
_d38856